000 01197namaa2200301 i 4500
003 EG-GICUC
005 20260119140411.0
008 260119s1996 mr a|||jr|||| 000 0 ara d
017 _a1130 / 96
_bالمكتبة الوطنية (السعودية)
020 _a9981978558
040 _aEG-GiCUC
_bara
_cEG-GiCUC
_dEG-GiCUC
_erda
082 0 4 _221
_a415.1
_bM934
092 0 4 _221
_a415.1
_bM934
099 _a415.1 M934
100 1 _aالمتوكل، احمد
_eمؤلف.
245 1 _aقضايا اللغة العربية فى اللسانيات الوظيفية :
_bبنية المكونات أو التمثيل الصرفى - التركيبى /
_cأحمد المتوكل.
264 _aالرباط (المغرب) :
_bدار الأمان،
_c1996.
300 _a259 صفحة :
_bإيضاحيات ؛
_c24 سم
336 _2rdacontent
_atext
337 _2rdamedia
_aUnmediated
338 _2rdacarrier
_avolume
504 _aيشتمل على ارجاعات ببليوجرافية.
541 _aد. جابر عصفور ؛
_bالقاهرة ؛
_cإهداء ؛
_d2024.
650 1 7 _aاللغة العربية
_xنحو
_2qrmak
651 1 _2qrmak
905 _aAya
942 _2ddc
_cBK
_e21
_n0
999 _c177862
_d177862